000 00671nam a2200217 i 4500
001 30679
003 ES-MaACL
005 20230906154233.0
007 t|
008 030127s1982 sp ||||1| spa d
020 _a84-282-0030-0
100 1 _aBateman, Alan M.
_926411
245 1 0 _aYacimientos minerales de rendimiento económico /
_cAlan M. Bateman ; traducción de la segunda edición americana por José Luis Amorós.
250 _a6ª ed.
260 _aBarcelona :
_bOmega,
_c1982.
300 _a975 p. :
_bil. ;
_c22 cm.
500 _aIndice.
504 _aBibliografía.
700 1 _aAmorós, José Luis.
_921315
852 _aES-MaACL
_jL-11993
_bR.114318
999 _c30679
_d30679